000 01419cam a22004217a 4500
001 000092167
003 CHAP
005 20220329142838.0
008 040810d2004 mx r 00110 spa d
010 _a88634
011 _a89606
035 _a100157
040 _cCHAP
090 _aTesis
100 0 0 _aMendoza Díaz, Flora.
_974639
245 1 3 _aEl envasado de los quesos /
_c/por Flora Mendoza Díaz.
260 _aChapingo, Méx. :
_bEl autor,
_c2004.
300 _a98 h. ; :
_bgráfs.
502 _aTesis (Ing. Agroindustrial) -- UACH. Departamento de Ingeniería Agroindustrial
590 _aALEPH
_b10
_c20130110
_lUCH01
_h1500
590 _aBATCH-UPD
_b10
_c20130110
_lUCH01
_h1111
590 _aBATCH-UPD
_b10
_c20130410
_lUCH01
_h0703
590 _aBATCH-UPD
_b10
_c20130914
_lUCH01
_h1948
590 _aBATCH-UPD
_b10
_c20140324
_lUCH01
_h1446
590 _aBATCH-UPD
_b10
_c20141002
_lUCH01
_h0823
590 _aCONVERSION
_b10
_c20130109
_lUCH01
_h1349
590 _aE12093SGE
_b10
_c20130625
_lUCH01
_h0933
650 0 4 _aEnvases.
_937170
650 1 4 _aAlimentos
_xEmpaque.
_94216
650 1 4 _aQueso.
_993221
856 _3Finding aid
_uhttp://10.13.5.2/tesis/100157.pdf
_zTeclea aquí
901 _aBK
905 _aAlejandra Carrasco M.
942 _cCD
942 _n0
949 _aTesis
_bBC
_cTES
_d1001571
_eTS1
_h42219
_i100157
_sb
949 _aTesis
_bBC
_cTES
_d33724000795159
_eTS2
_fc.2
_h42220
_i100157
_sb
999 _c88634
_d88634